| 000 | 00776nam a22001937a 4500 | ||
|---|---|---|---|
| 999 |
_c371569 _d371569 |
||
| 008 | 201127b ||||| |||| 00| 0 eng d | ||
| 040 |
_aDE-2950 _bger _cDE-2950 _erda |
||
| 041 | _ager | ||
| 245 |
_aDas erste Haus der Luther Stiftung in Frankfurt steht. _bImmobilien: Im Siedlerweg am Südring gibt es ein neues Mehrfamilienhaus. Wie es dazu kam, dass eine christliche Stiftung ein Wohnhaus errichtet hat/ _cLisa Mahlke |
||
| 264 | _c2022 | ||
| 653 | _aFrankfurt (Oder) | ||
| 653 | _aWohnungsbau | ||
| 653 | _aLuther Stiftung | ||
| 773 |
_dFrankfurt (Oder) Märkisches Verlags- und Druckhaus GmbH & Co KG _tMärkische Oderzeitung _g33. Jahrgang (2022) Nr. 85 vom 11.04.2022, S. 11 |
||
| 942 | _cA | ||